000 00525nam a2200217Ia 4500
003 OSt
005 20220926044546.0
006 a|||||r|||| 00| 0
007 ta
008 220923b |||||||| |||| 00| 0 eng d
037 _cGeneral Book
040 _aRTL
_cRTL
_beng
041 _2eng
_aeng
082 _aXM5:(Z).N56, J6/GD
110 _aIndia
_942571
245 0 _aCompanies act
260 _c1956
700 _aIndia
_942572
942 _hXM5:(Z).N56, J6/GD
_cGB
_2CC
999 _c675211
_d675211